000 00473nam a22001697a 4500
020 _a9788126518975
082 _222
_a005.7585
100 _aKnight, Brain; Patel...[et al.].
245 _aMicrosoft SQL server 2008 administration /
260 _aNew Delhi,
_bJohn Wiley and Sons,
_cc2011.
300 _axxxii, 878p. ;
_bill. ;
_c23 cm.
700 _aKetan, Snyder; Wayne,
700 _aLoforte, Ross
700 _aand Wort Steven.
942 _2ddc
_cIT
999 _c474
_d474
999 _c536
_d536